Kadra Realu Madryt w LM 2016/2017 - Statystyki

Ogólne statystyki
  • Ten quiz został rozwiązany 414 razy
  • Średni wynik to 19 z 24
Statystyki odpowiedzi
pozycja # kraj piłkarz % Poprawnych
N 7 POR Cristiano Ronaldo
98%
N 9 FRA Karim Benzema
97%
P 19 CRO Luka Modric
97%
N 11 WAL Gareth Bale
96%
O 4 ESP Sergio Ramos
95%
B 1 CRC Keylor Navas
94%
P 8 GER Toni Kroos
94%
O 12 BRA Marcelo
93%
O 3 POR Pepe
91%
Trener - FRA Zinedine Zidane
90%
P 14 BRA Casemiro
87%
O 5 FRA Raphael Varane
86%
P 10 COL James Rodriguez
84%
O 2 ESP Daniel Carvajal
83%
O 6 ESP Nacho
76%
P 16 CRO Mateo Kovacic
74%
P 22 ESP Isco
72%
B 13 ESP Kiko Casilla
70%
P 20 ESP Marco Asensio
61%
N 21 ESP Alvaro Morata
57%
P 17 ESP Lucas Vazquez
52%
O 15 POR Fabio Coentrao
47%
O 23 BRA Danilo
40%
N 18 ESP Mariano Diaz
23%
Nie znaleziono quizów pasujących do podanych kryteriów
Rozkład punktacji
Procent ludzi z każdym wynikiem
Percentyl według liczby udzielonych odpowiedzi
Twoja historia wyników
Nie rozwiązałeś tego quizu